00373nam a2200157Ia 4500008004100000082001000041100001600051245003200067260002500099300000800124600001600132630001900148655001300167700001600180730001900196090630s9999 xx 000 0 und d b28201 aYardi M. R. aBhagavad Gita.cYardi M. R. bRairikar S. R.c2002 a347 aYardi M. R. aBhagavad Gita. aEnglish. aYardi M. R. aBhagavad Gita.